Different concepts of project development and its effect on profitcby Hanum Bt. Mohd. Nor

Bibliographic Details
Main Author: Hanum Bt. Mohd. Nor
Corporate Author: INSPEN
Format: Book
Subjects:
Online Access:http://app.inspen.gov.my:7779/pls/portal/docs/PAGE/CORPORATEPAGES/PORTAL_INSPEN/LAPORAN_PENYELIDIKAN_DI_PERPUSTAKAAN/GE.PDF

MARC

LEADER 00000cam a2200000 7i4500
001 0000007378
005 20070905.0
040 |a INS 
090 0 0 |a RESEARCH 43 
100 0 |a Hanum Bt. Mohd. Nor 
245 1 0 |a Different concepts of project development and its effect on profitcby Hanum Bt. Mohd. Nor 
300 |c 30cm. 
500 |a Digital document is available on-line; Please click the URL below 
650 0 0 |a Project development 
650 0 0 |a Project management 
710 2 |a INSPEN 
856 |u http://app.inspen.gov.my:7779/pls/portal/docs/PAGE/CORPORATEPAGES/PORTAL_INSPEN/LAPORAN_PENYELIDIKAN_DI_PERPUSTAKAAN/GE.PDF 
999 |a RES0000098   |b BOOK   |c Research By JPPH Staff   |e Default branch 
999 |a RES0000099   |b BOOK   |c Research By JPPH Staff   |e Default branch 
999 |a RES0000544   |b BOOK   |c Research By JPPH Staff   |e Default branch 
999 |a RES0000545   |b BOOK   |c Research By JPPH Staff   |e Default branch 
999 |a RES0000546   |b BOOK   |c Research By JPPH Staff   |e Default branch